00771nam a2200229 a 4500999001500000001000600015003000900021005001700030008004100047020001800088020001500106040003800121082001900159100002100178245006600199260003500265300004100300500003700341650003400378942001200412952011700424 c3113d311312390BD-DhAAL20200302110420.0140710s2006it nyua b 000 0 eng  a9788876242762 a8876242767 aBD-DhAALcBD-DhAALdBD-DhAALbEng00223a720.92 GIA aGiaconia, Paola.10aEric Owen Moss :bthe uncertainty of doing /cPaola Giaconia. aItaly :bSkira editore,c2006. a225 pages :billustrations ;c21 cm. aVol. 2 compiled by Brad Collins. aArchitecture.zUnited States. 2ddccBK 00102ddc4070aUAPCLbUAPCLcGeneral Stacksd2020-03-02o720.92 GIAp3010012390r2020-03-02t1w2020-03-02yBK